La delegatio nel diritto romano: effetti giuridici e profili di invalidità

Zapisane w:
Opis bibliograficzny
1. autor: Zandrino, Lucia (Autor)
Format: Książka
Język:włoski
Wydane: Nápoles Jovene Editore 2014
Wydanie:1a. ed
Seria:Memorie del Dipartimento di Giurisprudenza,Università di Torino, 6, 4
Hasła przedmiotowe:
Etykiety: Dodaj etykietę
Nie ma etykietki, Dołącz pierwszą etykiete!

MARC

LEADER 00000cam a2200000 a 4500
001 UCE4964
003 CL-VaPUC
008 141120e20140000it |||||||||||||||||ita|d
020 |a 9788824322911 
082 0 4 |a 340.54  |b ZAN  |2 21 
100 0 |a Zandrino, Lucia  |e author  |9 577443 
245 1 3 |a La delegatio nel diritto romano: effetti giuridici e profili di invalidità 
250 |a 1a. ed 
300 |a 374 p 
942 |c BK 
945 |d 20141120 11:52:00  |a arojas 
260 |a Nápoles  |b Jovene Editore  |c 2014 
650 0 |a Delegación   |9 452574 
650 0 |a Derecho romano  |9 255930 
583 |a last modification  |c 20141120 11:52:00  |k Rodrigo Vera 
490 0 |a Memorie del Dipartimento di Giurisprudenza,Università di Torino, 6, 4 
999 |c 357818  |d 357816 
952 |0 0  |1 0  |3 erb  |4 0  |6 340_540000000000000_ZAN_2014  |7 0  |8 DER_ROM  |9 465911  |a BIBDER  |b BIBDER  |i 5125847  |o 340.54 ZAN 2014  |p 5125847  |r 2023-01-25  |w 2019-11-23  |x Ubicación 4to piso  |y BK  |z Este recurso debe solicitarse con anticipación  |k DER